LEADER 00820nas a2200229 i 4500 001 000000190104 003 CaOOAMICUS 005 20100607000000.0 008 100528b2010 it uu u0 0ita r 013 $a168457 020 $a978-88-220-8739-3 040 $aSeMil$bita 245 10$a[2010 :$bmarzo-aprile]. 260 $aBari :$bDedalo,$c2010. 300 $a80 p. ;$c28 cm. 773 0 $tCritica Marxista.$dRoma : Editori Riuniti, 1963.$x0011-152X$w()2160 850 $aSeMil 852 $aSeMil$W1$xVenegono$y1$m228 4 100$j140733$B140733$CSeMilBibl$Z2$F152471 $85 961 $aAbbonamento: Dedalo 996 $6020$a978-88-220-8739-3$9(OLS)http://semarc/number/180963 996 $6245$a[2010 :$bmarzo-aprile]$9(OLS)http://semarc/title/273850 996 $6260$aBari :$bDedalo$9(OLS)http://semarc/publisher/30763 LEADER 01789nam a2200325 i 4500 001 000000007252 003 CaOOAMICUS 005 20230314122950.0 008 180830s2008 it u000 u ita u 040 $aSeMil$bita 100 0 $aBeda : Venerabilis,$c.$0(OLS)http://semarc/name/100126 240 10$aHistoria ecclesiastica gentis anglorum.$0(OLS)http://semarc/title/17786 245 10$aStoria degli inglesi :$bHistoria ecclesiastica gentis Anglorum /$cBeda ; a cura di Michael Lapidge ; traduzione di Paolo Chiesa. 264 1$a[Milano] :$bFondazione Lorenzo Valla :$bArnoldo Mondadori,$c2008-2010. 300 $a2 v. ;$c21 cm. 490 1 $aScrittori greci e latini 546 $aTesti originali a fronte 650 4$aAnglosassoni.$0(OLS)http://semarc/subject/28102 650 4$aInghilterra - Storia.$0(OLS)http://semarc/subject/960 650 4$aBeda : il Venerabile . Historia ecclesiastica gentis Anglorum.$0(OLS)http://semarc/subject/1188 700 1 $aLapidge, Michael,$d<1942- >.$0(OLS)http://semarc/name/3776 700 1 $aChiesa, Paolo,$d<1956- >.$0(OLS)http://semarc/name/3777 774 0 $t1: Libri 1.-2.$d[Milano] : Fondazione Lorenzo Valla : Arnoldo Mondadori, 2008.$z978-88-04-57393-7$g1$w()170893 774 0 $t2. Libri 3.-4.$d[Milano] : Fondazione Lorenzo Valla : Arnoldo Mondadori, 2010.$z978-88-04-59418-5$g2$w()211779 830 0$aScrittori greci e latini.$0(OLS)http://semarc/title/137 900 0 $aBeda : il Venerabile. 996 $6245$aStoria degli inglesi :$bHistoria ecclesiastica gentis Anglorum$9(OLS)http://semarc/title/9719 996 $6264$a[Milano] :$bFondazione Lorenzo Valla :$bArnoldo Mondadori$9(OLS)http://semarc/publisher/30147